|
|
|
|
| LEADER |
00854nab a2200205 i 4500 |
| 001 |
misc61816 |
| 005 |
20230111100701.0 |
| 008 |
220801s1960 hu o 0|| ger d |
| 040 |
|
|
|a SZTE Miscellanea Repozitórium
|b hun
|
| 041 |
|
|
|a ger
|
| 100 |
1 |
|
|a Menges Karl Heinrich
|
| 245 |
1 |
0 |
|a Morphologische Probleme I.
|h [elektronikus dokumentum] :
|b zum Genitiv und Accusativ /
|c Menges Karl Heinrich
|
| 260 |
|
|
|a Harrassowitz
|b Wiesbaden
|c 1960
|
| 300 |
|
|
|a 39 p.
|c 26 cm
|
| 561 |
|
|
|a Németh Gyula hagyaték
|
| 591 |
|
|
|a LOA 2393; N 3512; J/28 2063; L 1566; J/75 6527; X 188904, NOA 3594
|
| 650 |
|
4 |
|a Bölcsészettudományok
|
| 650 |
|
4 |
|a Nyelvek és irodalom
|
| 695 |
|
|
|a Nyelvészet - összehasonlító - urál-altaji nyelvek, Uráli nyelvek - alaktan, Altaji nyelvek - alaktan
|
| 856 |
4 |
0 |
|u http://misc.bibl.u-szeged.hu/61816/1/3594_noa_m53.pdf
|z Dokumentum-elérés
|